000 00650nam a2200229Ia 4500
005 20260320201921.0
008 008 262003s9999 xx 000 0 eng d
037 _aEBOOK
040 _aCRL
040 _beng
040 _cCRL
041 _2eng
041 _aeng
084 _qCRL
100 _aNatwick
_91136302
245 0 _aMicrosoft Cybersecurity Architect Exam Ref SC-100: Get certified with ease while learning how to develop highly effective cybersecurity strategies
260 _bIEEE
856 _uhttps://ieeexplore.ieee.org/servlet/opac?bknumber=10162751
942 _cEBOOK
999 _c1724267
_d1724267